[Event "WCh Women 2017"]
[Site "masterchessopen.com Tehran IRI"]
[Date "2017.02.15"]
[Round "2.2"]
[White "Tan Zhongyi"]
[Black "Ushenina,A"]
[Result "1-0"]
[WhiteElo "2502"]
[BlackElo "2444"]

1.c4 c6 2.Nf3 d5 3.d4 Nf6 4.Nc3 dxc4 5.a4 Bf5 6.e3 e6 7.Bxc4 Bb4 8.O-O Nbd7
9.Qe2 O-O 10.e4 Bg6 11.Bd3 Bh5 12.e5 Nd5 13.Nxd5 cxd5 14.Qe3 Be7 15.Ne1 Bg6
16.f4 f5 17.Bd2 Nb8 18.b4 Nc6 19.Nc2 a6 20.Kh1 Qb6 21.Rab1 Rfc8 22.Rg1 Bf8
23.h3 Qd8 24.a5 Rc7 25.Ne1 b6 26.Nf3 b5 27.g4 fxg4 28.Ng5 Qe8 29.hxg4 h6 30.f5
Bf7 31.Nf3 Ne7 32.Rg2 Kh8 33.Rh2 Ng8 34.Rf1 Rac8 35.f6 Rc4 36.g5 Bxb4 37.Bxb4
Rxb4 38.fxg7+ Kxg7 39.gxh6+ Kh8 40.Qg1 {#r} 1-0

[Event "WCh Women 2017"]
[Site "masterchessopen.com Tehran IRI"]
[Date "2017.02.15"]
[Round "2.2"]
[White "Buksa,N"]
[Black "Guramishvili,S"]
[Result "1-0"]
[WhiteElo "2302"]
[BlackElo "2357"]

1.e4 c5 2.Nf3 e6 3.d4 cxd4 4.Nxd4 Nc6 5.Nc3 Qc7 6.Be3 a6 7.Qd2 Nf6 8.f3 Be7
9.O-O-O b5 10.g4 Nxd4 11.Qxd4 Bb7 12.Kb1 Rc8 13.Rd2 h6 14.Qb6 Qxb6 15.Bxb6 b4
16.Na4 d5 17.e5 Nd7 18.Bd4 Bc6 19.b3 Bb5 20.f4 h5 21.Bh3 hxg4 22.Bxg4 g6
23.Nb2 Nc5 24.Nd1 Ne4 25.Rg2 Kd7 26.Ne3 Kc7 27.Nxd5+ exd5 28.Bxc8 Rxc8 29.h4
Bc5 30.Bxc5 Nxc5 31.h5 Rh8 32.f5 Be8 33.e6 gxh5 34.exf7 Bxf7 35.Rg7 Rf8
36.Rxh5 Ne4 37.Rh6 Nd6 38.Rgh7 a5 39.Rf6 Kd7 40.Rhh6 Nb7 41.Rb6 Kc7 42.Rhc6+
Kd7 43.Rf6 Kc7 44.Rb5 d4 45.Kb2 Kc8 46.Rfb6 Nd8 47.Rxa5 Be8 48.Ra8+ Kc7
49.Rxb4 Nc6 50.Rb5 Nd8 51.Ra7+ Kd6 52.Ra6+ Bc6 53.Rb4 Kd5 54.Rb8 Kd6 55.Rc8
Kd5 {#r} 1-0

[Event "WCh Women 2017"]
[Site "masterchessopen.com Tehran IRI"]
[Date "2017.02.15"]
[Round "2.2"]
[White "Goryachkina,A"]
[Black "Pham Le Thao Nguyen"]
[Result "0-1"]
[WhiteElo "2466"]
[BlackElo "2351"]

1.d4 Nf6 2.c4 e6 3.Nf3 d5 4.Nc3 Bb4 5.Bg5 h6 6.Bxf6 Qxf6 7.Qa4+ Nc6 8.e3 O-O
9.Rc1 Qg6 10.Qc2 Qxc2 11.Rxc2 Rd8 12.a3 Bf8 13.Be2 Na5 14.c5 Nc6 15.b4 g5
16.b5 Ne7 17.O-O Bg7 18.h3 f6 19.Rd1 Bd7 20.a4 a5 21.bxa6 bxa6 22.Rb2 Be8
23.Ne1 Nc6 24.Bd3 Kf8 25.Nc2 Ke7 26.g4 Rab8 27.Rbb1 Rxb1 28.Rxb1 Ra8 29.Kf1
Kd8 30.Ke2 Ne7 31.f3 a5 32.e4 Bc6 33.Bb5 Bb7 34.Ne3 dxe4 35.fxe4 Bc8 36.Kd2 f5
37.exf5 Bxd4 38.f6 Bxf6 39.Rf1 Ng8 40.Ne4 Ke7 41.Nc4 Bg7 42.c6 Nf6 43.Nxf6
Bxf6 44.Ke3 Bc3 45.Ke4 Ba6 46.Rf3 Bb4 47.Ne5 Bxb5 48.axb5 Kd6 49.Rf7 Kc5
50.Rxc7 Kxb5 51.Rb7+ Kc5 52.Rh7 Bc3 53.c7 Rc8 54.Rd7 Kb6 55.Rd6+ Kb7 56.Rxe6
Rxc7 57.Kd5 Bxe5 58.Rxe5 Rc6 59.h4 gxh4 60.Rh5 a4 61.Rxh4 a3 62.Rh2 Ra6 63.Ra2
Kc7 64.Kc4 Kd6 65.Kb3 Ke5 66.Re2+ Kf4 67.Ka2 Kxg4 68.Re8 h5 69.Rg8+ Kh3 {#R}
0-1

[Event "WCh Women 2017"]
[Site "masterchessopen.com Tehran IRI"]
[Date "2017.02.15"]
[Round "2.2"]
[White "Girya,O"]
[Black "Bodnaruk,A"]
[Result "1-0"]
[WhiteElo "2458"]
[BlackElo "2463"]

1.d4 Nf6 2.c4 g6 3.Nc3 Bg7 4.e4 d6 5.Nf3 O-O 6.Be2 Nbd7 7.O-O e5 8.Be3 Re8
9.Qc2 exd4 10.Nxd4 c6 11.Rad1 Qc7 12.Rfe1 a6 13.Nb3 b6 14.Bf4 Ne5 15.Qd2 Bf8
16.Bg5 Ned7 17.Qf4 Be7 18.Rd3 Qd8 19.Qh4 b5 20.cxb5 axb5 21.a3 Ne5 22.Rdd1 Bd7
23.Nd4 h5 24.Nf3 Kg7 25.Nxe5 dxe5 26.Qg3 Qc7 27.Bxf6+ Bxf6 28.Bxh5 Rab8 29.Bg4
Bxg4 30.Qxg4 b4 31.axb4 Rxb4 32.Re2 Qb6 33.h4 Rd4 34.h5 Qa7 35.g3 Red8 36.Rde1
Rh8 37.hxg6 fxg6 38.Kg2 Rdd8 39.Rh1 Rxh1 40.Kxh1 Qa1+ 41.Kg2 Kf7 42.Rc2 Be7
43.Qh3 Bf6 44.Qg4 Qa5 45.Ne2 Qb5 46.Ng1 Rd6 47.Qe2 Qb7 48.Qc4+ Kg7 49.Nf3 Qd7
50.Qc5 Rd1 51.Qxc6 Qe7 52.Rd2 Rxd2 53.Nxd2 Qb4 54.Nc4 Qb3 55.Qc7+ Kg8 56.Nxe5
Qe6 57.Qc4 {#r} 1-0

[Event "19th Lienz Open 2017"]
[Site "masterchessopen.com Lienz AUT"]
[Date "2017.02.15"]
[Round "6.5"]
[White "Nitin,S"]
[Black "Sanal,V"]
[Result "0-1"]
[WhiteElo "2428"]
[BlackElo "2475"]

1.e4 e5 2.Nf3 Nc6 3.Nc3 Nf6 4.Bb5 Bd6 5.d3 O-O 6.a3 Re8 7.Bg5 h6 8.Bh4 Bf8
9.O-O d6 10.Nd5 g5 11.Bg3 a6 12.Ba4 Nxd5 13.exd5 b5 14.Bb3 Na5 15.Ba2 f5 16.h3
f4 17.Bh2 h5 18.Nd2 g4 19.Ne4 Bg7 20.b4 Nb7 21.c4 Bf5 22.Rc1 Qe7 23.Re1 Bh6
24.Rc3 Rf8 25.hxg4 hxg4 26.Bb1 Rae8 27.d4 exd4 28.Rd3 Bg7 29.cxb5 axb5 30.Rb3
Qe5 31.Qd3 Bxe4 32.Rxe4 Qxe4 33.Qxe4 Rxe4 34.Bxe4 Re8 {#R} 0-1

[Event "19th Lienz Open 2017"]
[Site "masterchessopen.com Lienz AUT"]
[Date "2017.02.15"]
[Round "6.8"]
[White "Esen,B"]
[Black "Horvath,Dominik"]
[Result "1-0"]
[WhiteElo "2528"]
[BlackElo "2271"]

1.d4 d5 2.c4 e6 3.Nf3 Nf6 4.Nc3 c6 5.Bg5 dxc4 6.e4 b5 7.e5 h6 8.Bh4 g5 9.exf6
gxh4 10.Ne5 Qxf6 11.g3 Bb7 12.Bg2 Nd7 13.Qe2 Nxe5 14.dxe5 Qg5 15.f4 Qg7
16.O-O-O Be7 17.Ne4 Rd8 18.Qe3 h3 19.Bf3 Rd5 20.Qxa7 Bc8 21.Qc7 Bd7 22.Qb8+
{#r} 1-0

[Event "19th Lienz Open 2017"]
[Site "masterchessopen.com Lienz AUT"]
[Date "2017.02.15"]
[Round "6.9"]
[White "Mohota,N"]
[Black "Gusain,H"]
[Result "0-1"]
[WhiteElo "2246"]
[BlackElo "2438"]

1.e4 c5 2.c3 Qa5 3.Nf3 d6 4.Bc4 Nf6 5.Qe2 Nc6 6.h3 a6 7.O-O b5 8.Bb3 c4 9.Bc2
g5 10.e5 dxe5 11.Nxe5 Qc7 12.d4 cxd3 13.Nxd3 Rg8 14.Re1 e6 15.a4 b4 16.a5 g4
17.h4 g3 18.Qf3 gxf2+ 19.Nxf2 Nd7 20.Bg5 Bb7 21.Rxe6+ Be7 22.Re4 Nce5 23.Qe2
Bxg5 24.hxg5 Rxg5 25.Rg4 Rxg4 26.Nxg4 O-O-O 27.Ra4 Qc5+ 28.Nf2 Re8 29.Be4 Nc6
30.Qg4 Qe3 31.Rxb4 Nxb4 32.Bxb7+ Kc7 33.Bf3 Nd3 34.Qg3+ N7e5 35.Na3 Qe1+
36.Kh2 Qxf2 37.Qh3 Nxf3+ {#R} 0-1

[Event "19th Lienz Open 2017"]
[Site "masterchessopen.com Lienz AUT"]
[Date "2017.02.15"]
[Round "6.10"]
[White "Mihajlov,Seb"]
[Black "Feige,M"]
[Result "0-1"]
[WhiteElo "2390"]
[BlackElo "2382"]

1.d4 Nf6 2.c4 g6 3.Nc3 Bg7 4.e4 d6 5.Nf3 O-O 6.Be2 e5 7.O-O Nc6 8.d5 Ne7 9.Ne1
Nd7 10.Be3 f5 11.f3 f4 12.Bf2 g5 13.Rc1 Ng6 14.c5 Nxc5 15.b4 Na6 16.Nd3 Rf7
17.Nb5 Bd7 18.a4 Qb8 19.Qc2 Be8 20.Qc4 Bf6 21.a5 h5 22.Rc3 Rg7 23.Kh1 Kh8
24.Rfc1 Nf8 25.h3 Nh7 26.Na3 Qd8 27.b5 Nb8 28.b6 axb6 29.axb6 c5 30.dxc6 Nxc6
31.Nb4 g4 32.fxg4 Bh4 33.Bg1 hxg4 34.Bxg4 Rxg4 {#R} 0-1

[Event "19th Lienz Open 2017"]
[Site "masterchessopen.com Lienz AUT"]
[Date "2017.02.15"]
[Round "6.12"]
[White "Hauge,Lars Oskar"]
[Black "Loh,Zachary"]
[Result "1-0"]
[WhiteElo "2450"]
[BlackElo "2248"]

1.d4 Nf6 2.Nc3 d5 3.Bf4 e6 4.e3 a6 5.g4 Bb4 6.Bd3 c5 7.g5 Ne4 8.Bxe4 dxe4
9.dxc5 Bxc3+ 10.bxc3 Qd5 11.Qxd5 exd5 12.Ne2 Bg4 13.Rb1 Nd7 14.Bd6 Rc8 15.Rxb7
Nxc5 16.Re7+ Kd8 17.Nd4 Ne6 18.Rxf7 Nxd4 19.cxd4 Bf3 20.O-O Rxc2 21.Rb1 Bg4
22.Rxg7 {#r} 1-0

[Event "1st Marcel Duchamp Cup"]
[Site "masterchessopen.com Montevideo URU"]
[Date "2017.02.15"]
[Round "9.1"]
[White "Mareco,S"]
[Black "Sosa,T ARG"]
[Result "1-0"]
[WhiteElo "2645"]
[BlackElo "2459"]

1.Nf3 Nf6 2.c4 e6 3.g3 d5 4.Bg2 Bd6 5.O-O O-O 6.d4 Ne4 7.Nc3 Nxc3 8.bxc3 c6
9.Qc2 Nd7 10.e4 dxe4 11.Qxe4 c5 12.Bf4 Bxf4 13.Qxf4 Qa5 14.Rfc1 Qa4 15.Nd2 Nf6
16.dxc5 Rd8 17.Ne4 Nxe4 18.Bxe4 f6 19.Rab1 Qd7 20.Qf3 Qc7 21.Bxb7 Rb8 22.Bxc8
Rdxc8 23.Rxb8 Rxb8 24.Qe3 e5 25.Rd1 Rb2 26.a4 Ra2 27.Qf3 Qxc5 28.Rd8+ Kf7
29.Qh5+ Ke6 30.Re8+ Kd6 31.Qd1+ Kc7 32.Qd8+ Kb7 33.Re7+ Ka6 34.Re6+ Kb7
35.Qd7+ Qc7 36.Qb5+ {#r} 1-0

[Event "1st Marcel Duchamp Cup"]
[Site "masterchessopen.com Montevideo URU"]
[Date "2017.02.15"]
[Round "9.4"]
[White "Hoffman,A"]
[Black "Larrea,M"]
[Result "1-0"]
[WhiteElo "2482"]
[BlackElo "2300"]

1.d4 Nf6 2.Nf3 g6 3.c4 Bg7 4.Nc3 O-O 5.e4 d6 6.Be2 e5 7.Be3 exd4 8.Nxd4 Re8
9.f3 c6 10.Bf2 d5 11.exd5 cxd5 12.O-O b6 13.cxd5 Nxd5 14.Nxd5 Qxd5 15.Nb5 Qxd1
16.Raxd1 Na6 17.Rfe1 Bf8 18.Nd6 Bxd6 19.Rxd6 Nb4 20.Bb5 Rxe1+ 21.Bxe1 Ba6
22.a4 Bxb5 23.axb5 Nc2 24.Bc3 Ne3 25.g4 Nc4 26.Rd7 h6 27.h4 Kf8 28.Bf6 Ke8
29.Rd4 Rc8 30.Kf2 Kf8 31.Rd7 Nxb2 32.Rxa7 Nd3+ 33.Ke3 Nc5 34.h5 gxh5 35.gxh5
Ke8 36.Bd4 Kf8 37.f4 Re8+ 38.Kf3 Rc8 39.f5 Ke8 40.f6 Nd7 41.Ke4 Nc5+ 42.Kf5
Rd8 43.Re7+ Kf8 44.Bxc5 bxc5 45.b6 c4 46.b7 {#r} 1-0

[Event "1st Marcel Duchamp Cup"]
[Site "masterchessopen.com Montevideo URU"]
[Date "2017.02.15"]
[Round "9.5"]
[White "Garcia Palermo,C"]
[Black "Zuriel,M"]
[Result "1-0"]
[WhiteElo "2438"]
[BlackElo "2245"]

1.d4 Nf6 2.c4 g6 3.Nc3 Bg7 4.e4 d6 5.Nf3 O-O 6.Be3 Nbd7 7.Nd2 c5 8.d5 e6 9.Be2
exd5 10.cxd5 Re8 11.O-O a6 12.a4 b6 13.h3 Rb8 14.Qc2 Qe7 15.Ra3 h5 16.Bg5 Qf8
17.Rb3 Nh7 18.Bf4 Ne5 19.Bh2 f5 20.f4 Nd7 21.Bc4 Kh8 22.Nf3 fxe4 23.Nxe4 Qf5
24.Bd3 Qxd5 25.Nc3 Qg8 26.Bxg6 Rf8 27.f5 Bb7 28.Bxd6 Bf6 29.Bxb8 Rxb8 30.Ne2
Nhf8 31.Nf4 Ne5 32.Rxb6 Nxf3+ 33.Rxf3 Bd4+ 34.Kh1 Be4 35.Qxe4 Rxb6 36.Nxh5
Rxb2 37.Qh4 Rb1+ 38.Kh2 Bg1+ 39.Kg3 Nxg6 40.Qf6+ Kh7 41.fxg6+ Qxg6+ 42.Qxg6+
Kxg6 43.Nf4+ Kg7 44.Ne2 Bd4 45.Nxd4 cxd4 46.Rd3 Rb4 47.a5 Ra4 48.Kf4 Rxa5
49.Rxd4 Ra2 50.g4 Rh2 51.Rd3 Kg6 52.Ra3 {#r} 1-0

[Event "1st Marcel Duchamp Cup"]
[Site "masterchessopen.com Montevideo URU"]
[Date "2017.02.15"]
[Round "9.6"]
[White "Guerrero,Alv"]
[Black "Roselli Mailhe,B"]
[Result "0-1"]
[WhiteElo "2112"]
[BlackElo "2420"]

1.d4 Nf6 2.c4 c5 3.d5 d6 4.Nc3 g6 5.e4 Bg7 6.Nge2 O-O 7.Ng3 e6 8.Be2 exd5
9.cxd5 a6 10.a4 Re8 11.O-O Nbd7 12.f4 Qc7 13.a5 b5 14.axb6 Qxb6 15.Kh1 a5
16.Ra3 Ba6 17.Bxa6 Qxa6 18.h4 h5 19.f5 Rab8 20.Qa4 Ne5 21.fxg6 fxg6 22.Qxa5
Qc8 23.Nce2 Nc4 24.Qa7 Nxa3 25.bxa3 Qd7 26.Qxd7 Nxd7 27.Kh2 Rf8 28.Nf4 Be5
29.Rf3 Rb1 30.Nfe2 Nf6 31.Bh6 Ng4+ {#R} 0-1

[Event "1st Marcel Duchamp Cup"]
[Site "masterchessopen.com Montevideo URU"]
[Date "2017.02.15"]
[Round "9.8"]
[White "Lopez Azambuja,N"]
[Black "Oddone,C"]
[Result "0-1"]
[WhiteElo "2284"]
[BlackElo "2235"]

1.d4 Nf6 2.c4 e6 3.Nf3 c5 4.d5 exd5 5.cxd5 d6 6.Nc3 g6 7.Bf4 Bg7 8.h3 O-O 9.e3
Na6 10.Be2 Nc7 11.a4 b6 12.e4 Re8 13.Nd2 Nfxd5 14.Nxd5 Nxd5 15.exd5 g5 16.Be3
f5 17.Nc4 f4 18.Bd2 Qe7 19.Bc3 Ba6 20.Qd3 Qxe2+ 21.Qxe2 Bxc4 22.Qe6+ Rxe6+
23.dxe6 Bxe6 24.O-O d5 25.Rfe1 Bxc3 26.bxc3 Kf7 27.Reb1 Rb8 28.Rb2 Kf6 29.Kf1
f3 30.Rab1 Bf5 31.Rd1 Ke5 32.Re1+ Kd6 33.Re3 fxg2+ 34.Kxg2 Bd7 35.Rbe2 c4
36.Re7 h5 37.Rh7 g4 38.h4 Bxa4 39.Rxa7 Bc6 40.Kf1 b5 41.Rae7 b4 42.R2e6+ Kc5
43.cxb4+ Rxb4 44.Rc7 Rb6 45.Ke2 d4 46.Kd2 c3+ 47.Kc1 d3 48.Re5+ Kd4 49.Rxc6
d2+ 50.Kc2 Rb2+ {#R} 0-1

[Event "1st Marcel Duchamp Cup"]
[Site "masterchessopen.com Montevideo URU"]
[Date "2017.02.15"]
[Round "9.9"]
[White "Arcos Facio,M"]
[Black "Coppola,C"]
[Result "0-1"]
[WhiteElo "2161"]
[BlackElo "2266"]

1.e4 c5 2.Nf3 d6 3.d4 cxd4 4.Nxd4 Nf6 5.Nc3 g6 6.Be3 Bg7 7.f3 O-O 8.Qd2 Nc6
9.Bc4 Bd7 10.O-O-O Rc8 11.Bb3 Ne5 12.Kb1 Nc4 13.Bxc4 Rxc4 14.g4 b5 15.b3 b4
16.Nce2 Rc8 17.g5 Nh5 18.Ng3 Qa5 19.Nxh5 gxh5 20.f4 Rc5 21.a4 Rfc8 22.Nf5 Rxf5
23.exf5 Bxf5 24.Qd5 Bxc2+ 25.Ka2 Qxd5 26.Rxd5 Be4 27.Rhd1 Rc2+ 28.Kb1 Re2+
{#R} 0-1

[Event "1st Marcel Duchamp Cup"]
[Site "masterchessopen.com Montevideo URU"]
[Date "2017.02.15"]
[Round "9.10"]
[White "Ocantos,M"]
[Black "Coro,Lucas"]
[Result "0-1"]
[WhiteElo "2243"]
[BlackElo "2234"]

1.d4 d5 2.c4 e6 3.Nc3 Nf6 4.Bg5 Be7 5.e3 h6 6.Bh4 O-O 7.Nf3 Ne4 8.Bxe7 Qxe7
9.Qc2 c6 10.Be2 Nxc3 11.Qxc3 Nd7 12.O-O dxc4 13.Bxc4 b6 14.e4 Bb7 15.Rfe1 Rac8
16.Rad1 Nf6 17.Bd3 Rfd8 18.b4 Qc7 19.Rc1 Nd7 20.Qa3 Qb8 21.Bb1 Qa8 22.Qe3 a5
23.Nd2 b5 24.bxa5 Qxa5 25.Nb3 Qa4 26.e5 c5 27.dxc5 Qg4 28.f3 Qa4 29.Red1 Bd5
30.Rd4 Qa7 31.Qd3 Nxc5 32.Nxc5 Rxc5 33.Rd1 g6 34.Kh1 Rdc8 35.Qd2 Rc4 36.Rxc4
bxc4 37.Qxh6 c3 38.Rc1 Bxa2 39.Bxg6 fxg6 40.Qxg6+ Qg7 41.Qh5 Bd5 42.h4 Qg3
43.Rxc3 Qe1+ 44.Kh2 Qxc3 45.Qg5+ Kf8 46.h5 Qc7 47.Qf6+ Kg8 48.h6 Qf7 49.Qg5+
Kh7 50.Qe3 Rg8 {#R} 0-1

[Event "1st Marcel Duchamp Cup"]
[Site "masterchessopen.com Montevideo URU"]
[Date "2017.02.15"]
[Round "9.11"]
[White "Muniz,R"]
[Black "Granara Barreto,S"]
[Result "0-1"]
[WhiteElo "2292"]
[BlackElo "2164"]

1.e4 c6 2.d4 d5 3.e5 Bf5 4.Nf3 e6 5.Be2 Nd7 6.O-O h6 7.b3 Ne7 8.c4 g5 9.Na3
Bg7 10.Nc2 O-O 11.Ba3 Re8 12.Ne3 c5 13.cxd5 Nxd5 14.Nxd5 exd5 15.Rc1 cxd4
16.Nxd4 Bg6 17.Nb5 Bxe5 18.Bf3 Nb6 19.Re1 Qf6 20.Bc5 Be4 21.Bxe4 dxe4 22.Qg4
a6 23.Na3 Nd5 24.Nc4 Nf4 25.Nxe5 Qxe5 26.Rc4 f5 27.Qd1 Rad8 28.Bd4 Qd5 29.g3
Nh3+ 30.Kg2 g4 31.Re3 b5 32.Qa1 bxc4 33.Bh8 Rd7 34.Bc3 Qd1 35.Qb2 Qg1# 0-1

[Event "1st Marcel Duchamp Cup"]
[Site "masterchessopen.com Montevideo URU"]
[Date "2017.02.15"]
[Round "9.12"]
[White "Fernandez,Maria"]
[Black "Cuevas Araya,W"]
[Result "0-1"]
[WhiteElo "2246"]
[BlackElo "2156"]

1.d4 d5 2.c4 Nc6 3.Nc3 Nf6 4.cxd5 Nxd5 5.e4 Nxc3 6.bxc3 e5 7.d5 Nb8 8.Nf3 Bd6
9.Be2 Nd7 10.Bg5 f6 11.Be3 O-O 12.O-O Nc5 13.Nd2 f5 14.exf5 Bxf5 15.Nc4 Ne4
16.Qb3 b6 17.a4 Qf6 18.a5 Qg6 19.Kh1 Rae8 20.axb6 axb6 21.Nxd6 Nxd6 22.Ra7 Rf7
23.Qa2 Be4 24.f3 Bd3 25.Rd1 e4 26.f4 Nb5 27.Bxd3 exd3 28.Qa4 Rfe7 29.Qxb5 Rxe3
30.Raa1 Qe4 31.h3 Rxh3+ 32.Kg1 Qe3+ {#R} 0-1

[Event "1st Marcel Duchamp Cup"]
[Site "masterchessopen.com Montevideo URU"]
[Date "2017.02.15"]
[Round "9.13"]
[White "Carraro,De"]
[Black "Curi,G"]
[Result "1-0"]
[WhiteElo "2105"]
[BlackElo "2231"]

1.e4 e6 2.d4 d5 3.Nc3 Bb4 4.e5 Ne7 5.a3 Bxc3+ 6.bxc3 c5 7.Qg4 Qc7 8.Qxg7 Rg8
9.Qxh7 cxd4 10.Ne2 Nbc6 11.f4 Bd7 12.h4 dxc3 13.h5 O-O-O 14.Qd3 Nf5 15.Rb1 d4
16.Rg1 f6 17.g4 fxe5 18.gxf5 Rxg1 19.Nxg1 exf5 20.fxe5 Nxe5 21.Qxd4 Bc6 22.Qf4
Rg8 23.Be3 Be4 24.Rb5 Re8 25.Rc5 Bc6 26.Be2 b6 27.Rxc3 Kb7 28.Qxf5 Qd6 29.Nf3
Nxf3+ 30.Bxf3 Qg3+ 31.Ke2 Qh2+ 32.Kd1 Rd8+ 33.Kc1 Bxf3 34.Qxf3+ Ka6 35.h6 Rd7
36.Qc6 Qh3 37.Kb2 Qf5 38.a4 Qg4 39.Qc4+ Qxc4 40.Rxc4 {#r} 1-0

[Event "1st Marcel Duchamp Cup"]
[Site "masterchessopen.com Montevideo URU"]
[Date "2017.02.15"]
[Round "9.15"]
[White "Van Veenendaal,Elmer"]
[Black "Carvalho,Gu"]
[Result "0-1"]
[WhiteElo "2094"]
[BlackElo "2179"]

1.b3 Nf6 2.Bb2 d5 3.e3 c5 4.Bb5+ Bd7 5.Bxd7+ Qxd7 6.Nf3 Nc6 7.Qe2 e6 8.d3 Be7
9.O-O O-O 10.Nbd2 Qc7 11.e4 Rfd8 12.c3 Qf4 13.Rfe1 h6 14.h3 dxe4 15.dxe4 Ne5
16.Nxe5 Rxd2 17.Bc1 Rxe2 18.Bxf4 Rxe4 19.Bg3 Rxe1+ 20.Rxe1 Rd8 21.Re2 Rd1+
22.Kh2 Nd5 23.Rc2 h5 24.Nc4 Bf6 25.Bb8 b5 26.Na3 Nxc3 27.Bxa7 Rd5 28.Bb8 Rd8
29.Bf4 Ra8 30.Bd2 Rxa3 31.Bxc3 Bxc3 32.Rxc3 Rxa2 33.Rxc5 Rxf2 34.Rxb5 g6
35.Kg3 Rf1 36.Rb7 Kg7 37.Kh4 Kf6 38.b4 Rf4+ 39.Kg3 g5 40.b5 h4+ 41.Kh2 Rf1
42.b6 Rb1 43.Rb8 Kf5 44.b7 f6 45.g4+ Kf4 46.Rf8 Rb2+ 47.Kg1 Rxb7 48.Rxf6+ Kg3
49.Kf1 Rb1+ 50.Ke2 Kxh3 51.Rxe6 Kg2 52.Re5 h3 53.Rxg5 h2 54.Rh5 h1=Q 55.Rxh1
Rxh1 56.Ke3 Kg3 57.g5 Rh5 58.g6 Rg5 {#R} 0-1

[Event "1st Marcel Duchamp Cup"]
[Site "masterchessopen.com Montevideo URU"]
[Date "2017.02.15"]
[Round "9.16"]
[White "Gimenez,D"]
[Black "Pineda Polanco,A"]
[Result "0-1"]
[WhiteElo "2070"]
[BlackElo "2176"]

1.d4 d5 2.c4 e6 3.Nc3 Nf6 4.cxd5 exd5 5.Bg5 Be7 6.e3 O-O 7.Qc2 Be6 8.Bd3 h6
9.Bh4 c5 10.dxc5 Nc6 11.Nf3 d4 12.exd4 Nxd4 13.Nxd4 Qxd4 14.Bg3 Rfd8 15.Rd1
Qxc5 16.O-O Rac8 17.Qe2 Bg4 18.Ne4 Bxe2 19.Nxc5 Bxf1 {#R} 0-1

[Event "1st Marcel Duchamp Cup"]
[Site "masterchessopen.com Montevideo URU"]
[Date "2017.02.15"]
[Round "9.17"]
[White "Carbone,D"]
[Black "Escofet,J"]
[Result "1-0"]
[WhiteElo "2153"]
[BlackElo "2011"]

1.c4 e5 2.g3 Nf6 3.Bg2 d5 4.cxd5 Nxd5 5.Nc3 Nb6 6.Nf3 Nc6 7.O-O Be7 8.a3 Be6
9.b4 O-O 10.Rb1 f6 11.d3 a5 12.b5 Nd4 13.Nd2 Bd5 14.Nxd5 Nxd5 15.Bb2 a4
16.Bxd4 exd4 17.Bxd5+ Qxd5 18.Qc1 Bc5 19.Qc4 c6 20.Rfc1 Bxa3 21.bxc6 bxc6
22.Qxc6 Qxc6 23.Rxc6 Rfc8 24.Rxc8+ Rxc8 25.Nc4 Bf8 26.Ra1 Ra8 27.Nb6 Re8
28.Rxa4 Rxe2 29.Nd7 Be7 30.Rxd4 Rb2 31.Rc4 Kf7 32.Kg2 Rd2 33.d4 Ke6 34.Nb6 Bd8
35.Rb4 Kf5 36.Na4 g5 37.h3 h5 38.Kf3 Ke6 39.Ke3 Ra2 40.Nc5+ Kd5 41.Nd3 Ra3
42.Rb5+ Ke6 43.g4 h4 44.Ke4 Bc7 45.Nc5+ Kd6 46.Rb3 Ra2 47.Rf3 Ke7 48.Kd5 Bf4
49.Nd3 Ra5+ 50.Ke4 Bd6 51.Rf5 Ra2 52.Rb5 Bc7 53.Kd5 Ra3 54.Ke4 Ra2 55.Rb7 Kd6
56.Rb2 Ra3 57.Rb5 Rc3 58.Rf5 Bd8 59.Rf3 Ra3 60.Rf5 Ra1 61.Rd5+ Ke7 62.Nc5 Bb6
63.Rd7+ Ke8 64.Rb7 Bd8 65.Ne6 Be7 66.Ng7+ Kd8 67.Nf5 Ba3 68.Kd5 Bc1 69.Ke6
Ra6+ 70.Nd6 {#r} 1-0

[Event "7th Ferdowsi Open 2017"]
[Site "masterchessopen.com Mashhad IRI"]
[Date "2017.02.15"]
[Round "4.1"]
[White "Gabuzyan,H"]
[Black "Guliev,L"]
[Result "1-0"]
[WhiteElo "2594"]
[BlackElo "2378"]

1.Nf3 d5 2.g3 Nf6 3.Bg2 c6 4.O-O Bg4 5.d4 e6 6.Nbd2 Be7 7.Re1 Nbd7 8.e4 dxe4
9.Nxe4 Nxe4 10.Rxe4 Nf6 11.Re1 O-O 12.c3 Qb6 13.Qb3 Bxf3 14.Bxf3 Nd5 15.Kg2
Rfd8 16.Bd2 h6 17.h4 Rd7 18.Re2 Bf6 19.Rae1 Rad8 20.Qc2 Be7 21.a3 Nf6 22.g4 c5
23.g5 Nh7 24.g6 Nf8 25.gxf7+ Kxf7 26.Bg4 cxd4 27.Bxe6+ Nxe6 28.Qf5+ Kg8
29.Rxe6 Rf8 30.Qg4 Bd6 31.cxd4 Qxb2 32.R1e2 Qb5 33.Bxh6 Qd5+ 34.Kg1 Bxa3
35.Be3 Re7 36.Rg6 Rff7 37.Rg5 Qe4 38.Qxe4 Rxe4 39.Ra2 Be7 40.Rb5 Bxh4 41.Rxa7
Ree7 42.Kg2 Rd7 43.Ra8+ Rd8 44.Rxd8+ Bxd8 45.d5 Kf8 46.f4 Ke8 47.Kg3 Rd7
48.Bd4 Kf7 49.Be5 Bf6 50.Kg4 Kg6 51.Bb8 Bd4 52.Be5 Bg1 53.Rb2 Bc5 54.Kf3 Rxd5
55.Rg2+ Kf5 56.Rg5+ Ke6 57.Ke4 Rd7 58.f5+ Kf7 59.Rxg7+ Ke8 60.Rg6 Rf7 61.f6
Kd7 62.Kd5 Bf8 63.Rg2 Bh6 64.Rb2 Kd8 65.Ke6 Rh7 66.Ra2 {#r} 1-0

[Event "7th Ferdowsi Open 2017"]
[Site "masterchessopen.com Mashhad IRI"]
[Date "2017.02.15"]
[Round "4.3"]
[White "Idani,P"]
[Black "Darban,M"]
[Result "1-0"]
[WhiteElo "2563"]
[BlackElo "2328"]

1.e4 e5 2.Nf3 d6 3.d4 exd4 4.Nxd4 Nf6 5.Nc3 Be7 6.Bf4 O-O 7.Qd2 Nc6 8.O-O-O
Nxd4 9.Qxd4 a6 10.Be2 Be6 11.Qe3 Nd7 12.Nd5 Re8 13.Nxe7+ Rxe7 14.Kb1 Qe8 15.f3
Ne5 16.Qd4 f6 17.Bc1 b5 18.b3 Nf7 19.g4 c5 20.Qg1 Rd8 21.h4 Bc8 22.Bb2 Bb7
23.g5 f5 24.g6 Nh6 25.gxh7+ Kxh7 26.exf5 Qf7 27.Bd3 Nxf5 28.Qg5 Bc8 29.Rhe1
Rde8 30.Rxe7 Rxe7 31.Bxg7 Qxg7 32.Bxf5+ Bxf5 33.Qxf5+ Kh8 34.Qc8+ {#r} 1-0

[Event "7th Ferdowsi Open 2017"]
[Site "masterchessopen.com Mashhad IRI"]
[Date "2017.02.15"]
[Round "4.4"]
[White "Bagheri,Maziar"]
[Black "Chigaev,M"]
[Result "0-1"]
[WhiteElo "2304"]
[BlackElo "2540"]

1.d4 Nf6 2.c4 e6 3.Nc3 Bb4 4.Qc2 O-O 5.a3 Bxc3+ 6.Qxc3 b6 7.Bg5 Bb7 8.f3 h6
9.Bh4 c5 10.dxc5 bxc5 11.e3 d6 12.Rd1 e5 13.Qd2 Ne4 14.Bxd8 Nxd2 15.Be7 Nxf1
16.Kxf1 Re8 17.Bxd6 Na6 18.b4 cxb4 19.axb4 Rad8 20.Ne2 Re6 21.c5 Nxb4 22.Kf2
Ba6 23.Nc1 Rd7 24.Rd2 Rb7 25.Rb2 Re8 26.Rd1 f6 27.Kg3 Nd5 28.Rxb7 Bxb7 29.e4
Ne3 30.Rd3 Nc4 31.Rc3 Ba6 32.Na2 Rd8 33.Nb4 Bb5 34.Bc7 Rc8 35.Nd5 Kf7 36.f4
Nd2 37.Rc1 Nxe4+ 38.Kf3 Bc6 {#R} 0-1

[Event "PRO League Group Stage"]
[Site "masterchessopen.com chess.com INT"]
[Date "2017.02.15"]
[Round "6"]
[White "Balleisen,Aaron S"]
[Black "Francisco,R"]
[Result "0-1"]
[WhiteElo "2127"]
[BlackElo "2273"]

1.c4 e5 2.g3 Nf6 3.Bg2 d5 4.cxd5 Nxd5 5.Nc3 Nb6 6.Nf3 Nc6 7.O-O Be7 8.a3 O-O
9.b4 Be6 10.Bb2 Nc4 11.Bc1 Nb6 12.Rb1 f6 13.d3 a5 14.b5 Nd4 15.Nd2 Qc8 16.e3
Nf5 17.Qe2 Rd8 18.Nce4 Qd7 19.g4 Nh4 20.Nf3 Nxg2 21.Kxg2 Qxd3 22.Qxd3 Rxd3
23.h3 Rad8 24.Bd2 Bd5 25.Ng3 Bxf3+ {#R} 0-1

[Event "PRO League Group Stage"]
[Site "masterchessopen.com chess.com INT"]
[Date "2017.02.15"]
[Round "6"]
[White "Gupta,Ab"]
[Black "Tari,A"]
[Result "0-1"]
[WhiteElo "2645"]
[BlackElo "2584"]

1.d4 Nf6 2.Bf4 d5 3.e3 c5 4.Nf3 Nc6 5.Nbd2 g6 6.c3 Bg7 7.h3 Nd7 8.Qb3 Qb6
9.Be2 O-O 10.O-O c4 11.Qa3 e5 12.dxe5 Ndxe5 13.Nxe5 Nxe5 14.Nf3 Nxf3+ 15.Bxf3
Be6 16.Rad1 Rfd8 17.Rd2 Qc6 18.Qe7 Rd7 19.Qh4 Bf5 20.Rfd1 Bd3 21.Bg4 f5 22.Be2
Bxe2 23.Rxe2 Re8 24.Red2 b5 25.Qg3 a5 26.a3 Re4 27.Qf3 b4 28.axb4 axb4 29.cxb4
Bf8 30.Rd4 Rxd4 31.exd4 Bxb4 32.Ra1 Bf8 33.Be5 Rb7 34.g4 Rxb2 35.gxf5 Rb3
36.Qf4 Rxh3 37.f6 Qd7 38.Ra8 Kf7 39.f3 c3 40.Bb8 Bh6 41.Ra7 Qxa7 42.Qd6 Qa1+
{#R} 0-1